Thể dục 5 Sách giáo viên

Uloženo v:
Podrobná bibliografie
Hlavní autor: Trần, Đồng Lâm
Další autoři: Đặng, Đức Thao
Médium: Kniha
Jazyk:Undetermined
Vydáno: H. Giáo dục 2006
Témata:
On-line přístup:http://lrc.tdmu.edu.vn/opac/search/detail.asp?aID=2&ID=4607
Tagy: Přidat tag
Žádné tagy, Buďte první, kdo otaguje tento záznam!
Thư viện lưu trữ: Trung tâm Học liệu Trường Đại học Thủ Dầu Một
LEADER 00696nam a2200217Ia 4500
001 TDMU_4607
008 210410s9999 xx 000 0 und d
082 |a 796.44072 
090 |b TR121 
100 |a Trần, Đồng Lâm 
245 0 |a Thể dục 5 
245 0 |b Sách giáo viên 
245 0 |c Trần Đồng Lâm 
260 |a H. 
260 |b Giáo dục 
260 |c 2006 
300 |a 176tr 
650 |a Sách giáo viên lớp 5; Thể dục  |x Giảng dạy và học tập 
700 |a Đặng, Đức Thao 
856 |u http://lrc.tdmu.edu.vn/opac/search/detail.asp?aID=2&ID=4607 
980 |a Trung tâm Học liệu Trường Đại học Thủ Dầu Một